000 01309nam a2200265 i 4500
001 152942
003 ES-MaACL
005 20251005063120.0
008 931025s1730 fr ax |||| | fre d
040 _aCAM
_bspa
_cPAB
100 1 _aCalmet, Augustin,
_d1672-1757
_933764
245 1 0 _aDictionnaire historique, critique, chronologique geographique et literal de la Bible
_b: eurichi de plus de trois cent figures en taille-douce, qui representent les antiquitez Judaiques ... /
_cpar ... Augustin Calmet ... ; tome second.
250 _aNouvelle edition revre, corrigée, et augmentée.
260 _aA Paris :
_bchez Enmery, 'a faint Benoist, Saugrain, Pere, a la fleur de Lys, Pierre Martin, 'a L'Ecu de France,
_c1730.
300 _a[4], 746 p., [51] h. de grab. ;
_cfol.
595 _aDatos de ed. preceden a la mención de responsabilidad.
597 _aSign.: [ ]2, A-Z2, A2-Z2\p2\s, A\b3\s-Z\b3\s\p2\s, A\b4\s-Z\b4\s\p2\s, A\b5\s-Z\b5\s\p2\s, A\b6\s-Z\b6\s\p2\s, A\b7\s-Z\b7\s\p2\s, A\b8\s-Z\b8\s\p2\s, A\b9\s-C\b9\s\p2\s.
597 _aTexto a dos col.
597 _aAntep.
597 _aPort. a dos tintas.
599 _aLas h. de grab. calc.
630 0 _aBiblia-
_vDiccionarios.
_9119241
852 _z
_aBA
_jR-76-79
_xOlim: C-2469-72
999 _c152942
_d152942